ASOIAF - All known dragonriders - Statistics

General Stats
  • This quiz has been taken 435 times
    385 since last reset
  • The average score is 31 of 36
Answer Stats
Dragon Rider % Correct
Balerion Aegon
99%
Caraxes Daemon
97%
Balerion Viserys
97%
Sunfyre Aegon
95%
Vhagar Aemond
95%
Drogon Daenerys
94%
Arrax Lucerys
94%
Balerion Maegor
94%
Syrax Rhaenyra
94%
Meleys Rhaenys
93%
Vhagar Visenya
93%
Dreamfyre Helaena
92%
Seasmoke Addam
90%
Tessarion Daeron
90%
Seasmoke Laenor
90%
Meraxes Rhaenys
90%
Moondancer Baela
88%
Vermithor Jaehaerys
88%
Vhagar Laena
88%
Vermax Jacaerys
87%
Tyraxes Joffrey
85%
Vermithor Hugh
84%
Sheepstealer Nettles
83%
Silverwing Alysanne
82%
Silverwing Ulf
81%
Caraxes Aemon
79%
Morning Rhaena
79%
Stormcloud Aegon
77%
Quicksilver Aenys
76%
Balerion Aerea
76%
Morghul Jaehaera
76%
Quicksilver Aegon
74%
Meleys Alyssa
74%
Dreamfyre Rhaena
70%
Shrykos Jaehaerys
69%
Vhagar Baelon
68%
No matching quizzes found
Score Distribution
Percent of People with Each Score
Percentile by Number Answered
Your Score History
You have not taken this quiz since the last reset